00229nam a2200085Ia 4500008004100000100002000041245004900061260002100110650001200131190216s9999||||xx |||||||||||||| ||und|| aHenry N Andrews 0aImmunological Tolerance To Self And Non Self bBhasha Institute aEnglish